The music of life. (Record no. 16667)

000 -LEADER
fixed length control field 00482nam a2200169 a 4500
001 - CONTROL NUMBER
control field :::00019845$&:&@@
003 - CONTROL NUMBER IDENTIFIER
control field OkBaRHE
005 - DATE AND TIME OF LATEST TRANSACTION
control field 20011106132902.0
008 - FIXED-LENGTH DATA ELEMENTS--GENERAL INFORMATION
fixed length control field s1946 j 000 0 eng u
040 ## - CATALOGING SOURCE
Transcribing agency
100 1# - MAIN ENTRY--PERSONAL NAME
Personal name Morgan, G. Campbell
245 14 - TITLE STATEMENT
Title The music of life.
260 ## - PUBLICATION, DISTRIBUTION, ETC. (IMPRINT)
Place of publication, distribution, etc New York, NY
Name of publisher, distributor, etc Fleming H. Revell
Date of publication, distribution, etc 1946
300 ## - PHYSICAL DESCRIPTION
Extent 57 p.
942 ## - ADDED ENTRY ELEMENTS (KOHA)
Source of classification or shelving scheme
Koha item type Books
Copies
Not for loan Source of classification or shelving scheme Barcode Permanent Location Koha item type Price effective from Date acquired Full call number Copy number Withdrawn status Damaged status Date last seen Shelving location Lost status
  19845RHEMA Bible Training CollegeBooks2010-04-142010-04-14BV 4510 .M6571  2010-04-14General Stacks